000 00435nam a22001457a 4500
005 20250603123746.0
008 250603b |||||||| |||| 00| 0 eng d
020 _a9780825440700
050 _aBT1102
_bVIT
245 _aVITAL APOLOGETIC ISSUES;
_bEXAMINING REASON AND REVELATION IN BIBLICAL PERSPECTIVE
_cEDITED BY ROY B. ZUCK
260 _aUSA
_bKREGEL resources
_cc1995
300 _a263p
700 _aROY B. ZUCK
942 _2lcc
_cBK
_n0
999 _c6208
_d6208